Statistics for Biggest City in Every State by Letter on a Map - B

Click here to take the quiz!

General Stats

  • This quiz has been taken 130 times
    (96 since last reset)
  • The average score is 20 of 44

Answers on the Map

Answers color-coded by a green-red scale on the quiz's map according to % correct below.
 

Answer Stats

StatePopulationCity% Correct
Maryland620,961Baltimore
93%
Idaho226,570Boise
93%
Massachusetts617,660Boston
93%
Louisiana229,493Baton Rouge
90%
Alabama212,237Birmingham
90%
New York261,310Buffalo
90%
California347,483Bakersfield
84%
Montana104,170Billings
81%
North Dakota73,529Bismarck
81%
Colorado105,112Boulder
74%
Texas183,392Brownsville
71%
Vermont42,417Burlington
67%
North Carolina54,606Burlington
67%
Connecticut144,229Bridgeport
65%
Maine32,568Bangor
61%
Washington148,164Bellevue
57%
Nebraska53,505Bellevue
57%
Oklahoma110,198Broken Arrow
55%
Mississippi44,054Biloxi
51%
Oregon98,962Beaverton
42%
Minnesota84,943Bloomington
42%
Indiana85,755Bloomington
42%
Illinois76,610Bloomington
42%
Kentucky58,067Bowling Green
38%
Arkansas53,259Bentonville
35%
Florida99,244Boca Raton
35%
Virginia77,724Blacksburg
30%
Pennsylvania77,755Bethlehem
28%
South Dakota24,415Brookings
26%
Michigan52,347Battle Creek
25%
New Jersey63,024Bayonne
20%
Rhode Island22,954Bristol
19%
Nevada15,023Boulder City
17%
Arizona50,876Buckeye
17%
West Virginia16,183Beckley
16%
New Hampshire21,203Bedford
14%
Tennessee54,613Bartlett
12%
Iowa33,217Bettendorf
12%
Missouri55,829Blue Springs
10%
Utah43,568Bountiful
9%
Wisconsin37,920Brookfield
9%
Georgia54,145Brookhaven
9%
Ohio47,391Beavercreek
7%
South Carolina12,530Bluffton
4%

Score Distribution

Percentile by Number Answered

Percent of People with Each Score

Your Score History

You have not taken this quiz since the last reset